header

Applied artificial intelligence (Record no. 223276)

MARC details
000 -LEADER
fixed length control field 01553nam a2200349Ia 4500
245 10 - TITLE STATEMENT
Title Applied artificial intelligence
260 ## - PUBLICATION, DISTRIBUTION, ETC. (IMPRINT)
Place of publication Singapore ;
-- River Edge, NJ :
Name of publisher World Scientific,
Year of publication c2006.
300 ## - PHYSICAL DESCRIPTION
Number of Pages xx, 997 p. :
Other physical details ill.
650 #0 - SUBJECT ADDED ENTRY--TOPICAL TERM
Topical Term Artificial intelligence
Topical Term Fuzzy logic
Topical Term Nuclear engineering
Topical Term Nuclear physics
700 1# - ADDED ENTRY--PERSONAL NAME
Personal name Ruan, Da.
856 40 - ELECTRONIC LOCATION AND ACCESS
Uniform Resource Identifier http://site.ebrary.com/lib/rucke/Doc?id=10201369

No items available.

© 2026 Rongo University
Contact us: librarian | system librarian | Rongo university